| 000 | 00732nam a22001697a 4500 | ||
|---|---|---|---|
| 003 | UA-OsUOA | ||
| 001 | 12036 | ||
| 007 | ta | ||
| 008 | 20050415b un ||||| |||| 00| 0 ukr d | ||
| 942 | _cSA | ||
| 040 |
_aUA-OsUOA _cUA-OsUOA _dUA-OsUOA |
||
| 245 |
_a"Дума про школу" _b[У Рівнен. Будинку вчених відбулася презентація нової кн. вченого-методиста, лауреата Держ. премії України у галузі науки Б.І. Степанишина "Дума про школу"] |
||
| 300 | _aС.5 | ||
| 955 | _a0 | ||
| 773 | 0 |
_w0 _tВільне слово _dРівне _d2005 _g№29/12 квіт./ |
|
| 650 | 7 |
_aПрезентаії _2UDC |
|
| 999 |
_c298197 _d298197 |
||